000 00506nam a2200169Ia 4500
999 _c23110
_d23110
003 OSt
005 20200611144106.0
008 190216s9999||||xx |||||||||||||| ||und||
020 _a9789675062032
040 _coclc
082 _a297.63
_bSCH/A
100 _a Schimmel, Annemarie
_92456
245 4 _aAnd Muhammad Is His Messenger /
_cAnnemarie Schimmel
260 _bIslamic Book Trust,
_c2008.
_aKuala Lumpur:
300 _a377p
942 _cBK
_2ddc
_h297.63
_iSCH/A
_k297.63
_mSCH/A